000 00738nam a2200241Ia 4500
003 OSt
005 20220923212013.0
006 a|||||r|||| 00| 0
007 ta
008 220922b |||||||| |||| 00| 0 hin d
024 _a149,717
037 _cTextual
040 _aARTS
_cARTS
_bhin
041 _2hin
_ahin
082 _aw2,M9, 152K2
100 _aगुप्त, तनसुखराम
245 0 _aभारतीय महापुरूष
246 _aBhāratīya hināpurūṣha
260 _aदिल्ली
_b सुर्य प्रकाशन
_c1962
300 _a160p.
_ccm.
942 _hw2,M9, 152K2
_cTEXL
_2CC
999 _c305397
_d305397